Biblioteca ESET

Prrevención del consumo problemático de drogas : (Registro nro. 192)

Detalles MARC
000 -CABECERA
fixed length control field 00805nam a22002417a 4500
003 - CONTROL NUMBER IDENTIFIER
control field AR-BeUNQ
005 - FECHA Y HORA DE LA ULTIMA TRANSACCION
control field 20220225124548.0
008 - ELEMENTOS DE LONGITUD FIJA-INFORMACION GENERAL
fixed length control field 181026b xxu||||| |||| 00| 0 spa d
020 ## - NUMERO INTERNACIONAL NORMALIZADO PARA LIBROS
Número Internacional Normalizado del libro 9789501631197
040 ## - FUENTE DE CATALOGACION
Agencia de catalogación original AR-BeUNQ
Idioma de catalogación ESPAÑOL
Convenciones de la descripción aacr
082 ## - NUMERO DE CLASIFICACION DECIMAL DEWEYMBER
Número de clasificación 613
Número de la edición 21
100 1# - ASIENTO PRINCIPAL-NOMBRE PERSONAL
Nombre personal Touzé, Graciela Dora
Títulos u otras palabras asociadas al nombre aut.
Fecha asociada al nombre 1950
245 10 - MENCION DE TITULO
Título Prrevención del consumo problemático de drogas :
Otra información sobre el título Un enfoque educativo.
Mención de responsabilidad, etc Graciela Dora Taizé.
250 ## - MENCION DE EDICION
Mención de edición 1a.ed.
260 ## - PUBLICACION, DISTRIBUCION, ETC.
Lugar de publicación, distribución, etc. Buenos Aires :
Nombre del editor, distribuidor, etc. Troquel,
Fecha de publicación, distribución, etc 2010
300 ## - DESCRIPCION FISICA
Extensión 112 p. ;
Dimensiones 28 cm.
500 ## - NOTA GENERAL
Nota general su estructura era en capítulos, actividades al final del mismo.
504 ## - NOTA DE BIBLIOGRAFIA, ETC.
Nota de bibliografía, etc. Contiene bibliografía ordenado alfabéticamente por capitulo.
650 ## - ASIENTO SECUNDARIO DE MATERIA - TERMINO TEMATICO
Término temático o nombre geográfico como elemento de entrada Prevencion de la salud
Fuente del encabezamiento o términ tell
651 #6 - ASIENTO SECUNDARIO DE MATERIA - NOMBRE GEOGRAFICO
Nombre geográfico Argentina
Fuente del encabezamiento o término spines
929 ## - DATOS DE ADQUISICION
Procedencia DONACION
Proveedor UNQ
942 ## - ELEMENTOS DE PUNTO DE ACCESO ADICIONAL (KOHA)
Tipo de ítem Koha Libros
Suppress in OPAC 0
Existencias
Estado de retiro Estado de pérdida Ubicación permanente Ubicación actual Ubicación en estantería Fecha de ingreso Total Checkouts Signatura topográfica completa Date last seen Tipo de ítem Koha Operador
    Biblioteca ESET - UNQ Biblioteca ESET - UNQ   26/10/2018   613 / TAI 26/10/2018 Libros Gladys Alarcon

ESET UNQ

☏ 4365-7188
 Avenida República de Francia 1714 entre Doctor Kenny y Concordia, Ezpeleta, Bs As.
✉ secretaria_eset@unq.edu.ar

Con tecnología Koha